Media & crime / (Record no. 22159)
[ view plain ]
| 000 -LEADER | |
|---|---|
| fixed length control field | 01779cam a22003975a 4500 |
| 001 - CONTROL NUMBER | |
| control field | 015612822 |
| 003 - CONTROL NUMBER IDENTIFIER | |
| control field | Uk |
| 005 - DATE AND TIME OF LATEST TRANSACTION | |
| control field | 20160810152226.0 |
| 008 - FIXED-LENGTH DATA ELEMENTS--GENERAL INFORMATION | |
| fixed length control field | 100719s2011 enk frbd 001 0 eng d |
| 015 ## - NATIONAL BIBLIOGRAPHY NUMBER | |
| National bibliography number | GBB091085 |
| Source | bnb |
| 016 7# - NATIONAL BIBLIOGRAPHIC AGENCY CONTROL NUMBER | |
| Record control number | 015612822 |
| Source | Uk |
| 020 ## - INTERNATIONAL STANDARD BOOK NUMBER | |
| International Standard Book Number | 9781848607033 (pbk.) |
| 020 ## - INTERNATIONAL STANDARD BOOK NUMBER | |
| International Standard Book Number | 1848607032 (pbk.) |
| 035 ## - SYSTEM CONTROL NUMBER | |
| System control number | (UkOxU)UkOxUb17328451 |
| 040 ## - CATALOGING SOURCE | |
| Original cataloging agency | StDuBDS |
| Language of cataloging | eng |
| Transcribing agency | StDuBDS |
| Modifying agency | EG-ScBUE |
| 042 ## - AUTHENTICATION CODE | |
| Authentication code | ukscp |
| 082 04 - DEWEY DECIMAL CLASSIFICATION NUMBER | |
| Edition number | 22 |
| Classification number | 364.254 |
| Item number | JEW |
| 100 1# - MAIN ENTRY--PERSONAL NAME | |
| Personal name | Jewkes, Yvonne, |
| Dates associated with a name | 1966- |
| 9 (RLIN) | 40719 |
| 245 10 - TITLE STATEMENT | |
| Title | Media & crime / |
| Statement of responsibility, etc | Yvonne Jewkes. |
| 246 3# - VARYING FORM OF TITLE | |
| Title proper/short title | Media and crime |
| 250 ## - EDITION STATEMENT | |
| Edition statement | 2nd ed. |
| 260 ## - PUBLICATION, DISTRIBUTION, ETC. (IMPRINT) | |
| Place of publication, distribution, etc | London : |
| Name of publisher, distributor, etc | SAGE Publications Ltd, |
| Date of publication, distribution, etc | 2011. |
| 300 ## - PHYSICAL DESCRIPTION | |
| Extent | viii, 317 p. ; |
| Dimensions | 25 cm. |
| 490 0# - Series Statement | |
| Series statement | Key approaches to criminology |
| 500 ## - GENERAL NOTE | |
| General note | Index : p. 306-317. |
| 500 ## - GENERAL NOTE | |
| General note | Glossary : p. 277-290. |
| 504 ## - BIBLIOGRAPHY, ETC. NOTE | |
| Bibliography, etc | Bibliography : p. 291-305. |
| 505 ## - FORMATTED CONTENTS NOTE | |
| Formatted contents note | Introduction Theorizing Media and Crime -- The Construction of Crime News -- Media and Moral Panics -- Media Constructions of Children: 'Evil Monsters' and 'Tragic Victims' -- Media Misogyny: Monstrous Women -- Police, Offenders and Victims in the Media -- Crime Films and Prison Films -- Crime and the Surveillance Culture -- The role of the Internet in crime and deviance -- Re Conceptualizing the Relationship between Media and Crime. |
| 520 ## - SUMMARY, ETC. | |
| Summary, etc | THE definitive resource on media and crime, updated and fully revised. Engaging, accessible and comprehensive, a must-have for anyone studying criminology or media studies.<br/> |
| 650 #7 - SUBJECT ADDED ENTRY--TOPICAL TERM | |
| Topical term or geographic name as entry element | Crime in mass media. |
| Source of heading or term | BUEsh |
| 9 (RLIN) | 40720 |
| 650 #7 - SUBJECT ADDED ENTRY--TOPICAL TERM | |
| Topical term or geographic name as entry element | Mass media and crime. |
| Source of heading or term | BUEsh |
| 9 (RLIN) | 40722 |
| 650 #7 - SUBJECT ADDED ENTRY--TOPICAL TERM | |
| Topical term or geographic name as entry element | Mass media and criminal justice. |
| Source of heading or term | BUEsh |
| 9 (RLIN) | 40721 |
| 651 ## - SUBJECT ADDED ENTRY--GEOGRAPHIC NAME | |
| Source of heading or term | BUEsh |
| 653 ## - INDEX TERM--UNCONTROLLED | |
| Resource For college | Communication and mass media |
| Arrived date list | August 2016 |
| 942 ## - ADDED ENTRY ELEMENTS (KOHA) | |
| Source of classification or shelving scheme | Dewey Decimal Classification |
| Edition | 22 |
| Call number prefix | 364.254 JEW |
| Withdrawn status | Item status | Source of classification or shelving scheme | Damaged status | Not for loan | Vendor | Home library | Current library | Shelving location | Date acquired | Source of acquisition | Cost, normal purchase price | Serial Enumeration / chronology | Total Checkouts | Full call number | Barcode | Date last seen | Cost, replacement price | Koha item type |
|---|---|---|---|---|---|---|---|---|---|---|---|---|---|---|---|---|---|---|
| Dewey Decimal Classification | Baccah | Central Library | Central Library | First floor | 10/08/2016 | Purchase | 312.00 | 25840 | 364.254 JEW | 000033196 | 15/07/2025 | 390.00 | Book - Borrowing |